000
002970000a22001330004500
020
_a
968-13-3670-4
082
0
4
_a
B G328c
100
1
_a
Gerth, Melanie
245
1
0
_a
Cinco Catarinitas / Melanie Gerth
260
_a
Los Angeles : Diana
300
_a
10 Pag. / 18 cm.
001
1253
942
_c
LGB
999
_c
48424
_d
48424